MyGZULibrary

Project leadership / (Record no. 6665)

MARC details
000 -LEADER
fixed length control field 01352cam a2200373 i 4500
001 - CONTROL NUMBER
control field 18618552
003 - CONTROL NUMBER IDENTIFIER
control field GZU
005 - DATE AND TIME OF LATEST TRANSACTION
control field 20210428083617.0
008 - FIXED-LENGTH DATA ELEMENTS--GENERAL INFORMATION
fixed length control field 150515s2015 enka b 001 0 eng
010 ## - LIBRARY OF CONGRESS CONTROL NUMBER
LC control number 2015018111
020 ## - INTERNATIONAL STANDARD BOOK NUMBER
International Standard Book Number 9781472452801 (hardback : alk. paper)
020 ## - INTERNATIONAL STANDARD BOOK NUMBER
Canceled/invalid ISBN
040 ## - CATALOGING SOURCE
Original cataloging agency DLC
Language of cataloging eng
Transcribing agency DLC
Description conventions rda
Modifying agency DLC
042 ## - AUTHENTICATION CODE
Authentication code pcc
050 00 - LIBRARY OF CONGRESS CALL NUMBER
Classification number HD69.P75
Item number COL 2015
082 00 - DEWEY DECIMAL CLASSIFICATION NUMBER
Classification number 658.4/092
Edition number 23
100 1# - MAIN ENTRY--PERSONAL NAME
Personal name Coleman, Sarah,
Dates associated with a name 1961-
245 10 - TITLE STATEMENT
Title Project leadership /
Statement of responsibility, etc. Sarah Coleman and Donnie MacNicol.
250 ## - EDITION STATEMENT
Edition statement Third edition.
264 #1 - PRODUCTION, PUBLICATION, DISTRIBUTION, MANUFACTURE, AND COPYRIGHT NOTICE
Place of production, publication, distribution, manufacture Farnham, Surrey, UK ;
-- Burlington, VT :
Name of producer, publisher, distributor, manufacturer Gower,
Date of production, publication, distribution, manufacture, or copyright notice [2015]
300 ## - PHYSICAL DESCRIPTION
Extent xvii, 300 pages :
Other physical details illustrations ;
Dimensions 23 cm
336 ## - CONTENT TYPE
Content type term text
Source rdacontent
337 ## - MEDIA TYPE
Media type term unmediated
Source rdamedia
338 ## - CARRIER TYPE
Carrier type term volume
Source rdacarrier
500 ## - GENERAL NOTE
General note Earlier editions authored by Wendy Briner.
504 ## - BIBLIOGRAPHY, ETC. NOTE
Bibliography, etc. note Includes bibliographical references and index.
650 #0 - SUBJECT ADDED ENTRY--TOPICAL TERM
Topical term or geographic name entry element Project management.
650 #0 - SUBJECT ADDED ENTRY--TOPICAL TERM
Topical term or geographic name entry element Leadership.
700 1# - ADDED ENTRY--PERSONAL NAME
Personal name MacNicol, Donnie.
700 1# - ADDED ENTRY--PERSONAL NAME
Personal name Briner, Wendy.
Title of a work Project leadership.
906 ## - LOCAL DATA ELEMENT F, LDF (RLIN)
a 7
b cbc
c orignew
d 1
e ecip
f 20
g y-gencatlg
942 ## - ADDED ENTRY ELEMENTS (KOHA)
Source of classification or shelving scheme Library of Congress Classification
Koha item type Books
Edition 3rd ed.
Classification part 69.P75
Item part COL
Call number prefix HD
Holdings
Withdrawn status Lost status Damaged status Not for loan Collection code Home library Current library Shelving location Date acquired Total Checkouts Full call number Barcode Date last seen Copy number Price effective from Koha item type
        Non-fiction City Campus Library City Campus Library General Stacks 04/28/2021   HD69.P75COL2015 031388 04/28/2021 c.1 04/28/2021 Books
        Non-fiction City Campus Library City Campus Library General Stacks 11/10/2021   HD69.P75COL2015 031446 11/10/2021 c.2 11/10/2021 Books